| 000 | 00670nam a2200181Ia 4500 | ||
|---|---|---|---|
| 008 | 100920s9999 xx 000 0 und d | ||
| 082 |
_b80391 _a891.43 न 02 |
||
| 100 | _aगुप्त महेशचन्द्र. | ||
| 245 | _aराजभाषा अधखुले पन्ने. | ||
| 260 |
_bइण्डियन बुक-बैंक , नई दिल्ली. _c2002 |
||
| 300 |
_a124 _bसाधी |
||
| 365 | _b150 | ||
| 520 | _aहिंदी. | ||
| 630 | _aराजभाषा अधखुले पन्ने. | ||
| 650 | _aहिंदी. | ||
| 730 | _aराजभाषा अधखुले पन्ने. | ||
| 942 | _cBOOK | ||
| 999 |
_c721296 _d721293 |
||